Kolozsvár 2000 küszöbén. Plusz mínusz évezredek
Elmentve itt :
| Szerző: | |
|---|---|
| Adatforrás: | Meister |
| Forrásdokumentuma: | Korunk. - 12 sz., 1999, 16-17 p. |
| Nyelv: | magyar |
| Kulcsszavak: | irodalmi publicisztika Kolozsvár |
| LEADER | 00389nab a2200133 i 4500 | ||
|---|---|---|---|
| 001 | bibPRO00003744 | ||
| 008 | 060524s1999 xx hun | ||
| 040 | |a Sz1 | ||
| 041 | |a hun | ||
| 100 | 1 | |a LÁSZLÓFFY Aladár | |
| 245 | 1 | 0 | |a Kolozsvár 2000 küszöbén. Plusz mínusz évezredek |c LÁSZLÓFFY Aladár |
| 695 | |a irodalmi publicisztika | ||
| 695 | |a Kolozsvár | ||
| 773 | 0 | |t Korunk. - |g 12 sz., 1999, 16-17 p. | |